00769nam a2200253 a 4500001001300000003000900013005001700022008004100039020000900080082001600089100002500105245006000130260004300190300000900233500003500242505001000277650002400287650003400311700002500345902000800370942000700378952011500385999001500500nice12345678IN_TiNIC20260116012711.0050524s1985 saha grp 000 0 urd  ac1800a891.41bQUR aQurban D A, Harrison aHarf-E-Aarzoo, Biography & Poetry of Aarzoo Saharanpuri aSaharanpurbTaleb Printing Pressc1985 a195p aincludes index and biblioraphy2 aIndex aChristian-Biography aReligious-Poetry Christianity1 aQurban D A, Harrison bSRS cBK 001040708StackRoom-aHMIbHMId2007-06-20g18.00l0o891.41 QURp012290r2007-06-20v18.00w2005-05-24yBK c8009d8009